California Representatives (119th Congress) - Statistics

General Stats
  • This quiz has been taken 106 times
    5 since last reset
  • The average score is 28 of 51
Answer Stats
District Party Serving since... Representative % Correct
28 Democratic 2009 Judy Chu
100%
3 Republican 2023 Kevin Kiley
100%
11 Democratic 1987 Nancy Pelosi
100%
42 Democratic 2023 Robert Garcia
100%
40 Republican 2021 Young Kim
100%
6 Democratic 2013 Ami Bera
75%
47 Democratic 2025 Dave Min
75%
22 Republican 2021 David Valadao
75%
14 Democratic 2013 Eric Swalwell
75%
27 Democratic 2025 George T. Whitesides
75%
23 Republican 2021 Jay Obernolte
75%
39 Democratic 2013 Mark Takano
75%
17 Democratic 2017 Ro Khanna
75%
51 Democratic 2021 Sara Jacobs
75%
50 Democratic 2013 Scott Peters
75%
36 Democratic 2015 Ted Lieu
75%
13 Democratic 2025 Adam Gray
50%
48 Republican 2021 Darrell Issa
50%
45 Democratic 2025 Derek Tran
50%
7 Democratic 2005 Doris Matsui
50%
31 Democratic 2025 Gil Cisneros
50%
2 Democratic 2013 Jared Huffman
50%
21 Democratic 2005 Jim Costa
50%
34 Democratic 2017 Jimmy Gomez
50%
8 Democratic 2009 John Garamendi
50%
9 Democratic 2019 Josh Harder
50%
52 Democratic 2013 Juan Vargas
50%
41 Republican 1993 Ken Calvert
50%
12 Democratic 2025 Lateefah Simon
50%
30 Democratic 2025 Laura Friedman
50%
46 Democratic 2017 Lou Correa
50%
43 Democratic 1991 Maxine Waters
50%
49 Democratic 2019 Mike Levin
50%
4 Democratic 1999 Mike Thompson
50%
44 Democratic 2017 Nanette Barragán
50%
33 Democratic 2015 Pete Aguilar
50%
16 Democratic 2025 Sam Liccardo
50%
37 Democratic 2023 Sydney Kamlager-Dove
50%
5 Republican 2009 Tom McClintock
50%
20 Republican 2024 Vince Fong
50%
18 Democratic 1995 Zoe Lofgren
50%
32 Democratic 1997 Brad Sherman
25%
19 Democratic 2017 Jimmy Panetta
25%
26 Democratic 2013 Julia Brownley
25%
15 Democratic 2023 Kevin Mullin
25%
38 Democratic 2003 Linda Sánchez
25%
29 Democratic 2025 Luz Rivas
25%
10 Democratic 2015 Mark DeSaulnier
25%
35 Democratic 2015 Norma Torres
25%
25 Democratic 2013 Paul Ruiz
25%
24 Democratic 2017 Salud Carbajal
25%
No matching quizzes found
Score Distribution
Percent of People with Each Score
Percentile by Number Answered
Your Score History
You have not taken this quiz since the last reset